| 000 | 01792cam a22003855i 4500 | ||
|---|---|---|---|
| 999 |
_c21051 _d21023 |
||
| 001 | 18440900 | ||
| 003 | EG-ScBUE | ||
| 005 | 20201128023621.0 | ||
| 008 | 150107t20142014ohua f b 001 0 eng d | ||
| 020 | _a9781599637594 | ||
| 020 | _a1599637596 | ||
| 040 |
_aPNX _beng _erda _cPNX _dPNX _dOCLCO _dNVC _dOCLCQ _dOSU _dOCLCF _dDLC _dEG-ScBUE |
||
| 082 | 0 | 4 |
_a808.042 _bGIL _222 |
| 100 | 1 |
_aGill, C. M. _q(Charlene M.) _eauthor. _938754 |
|
| 245 | 1 | 0 |
_aEssential writing skills for college & beyond / _cC. M. Gill. |
| 246 | 3 | _aEssential writing skills for college and beyond | |
| 250 | _aFirst edition. | ||
| 264 | 1 |
_aCincinnati, Ohio : _bWriter's Digest Books, _c[2014] |
|
| 264 | 4 | _cc2014 | |
| 300 |
_aiv, 249 pages : _billustrations ; _c22 cm |
||
| 336 |
_atext _btxt _2rdacontent |
||
| 337 |
_aunmediated _bn _2rdamedia |
||
| 338 |
_avolume _bnc _2rdacarrier |
||
| 504 | _aIncludes bibliographical references and index. | ||
| 505 | 0 | _aPt. I. Idea - Generation strategies -- Getting started and developing your ideas -- Pt. II. Composing your essay -- Your ideas -- Breaking down the essay -- Their ideas -- Pre-research -- Research -- Post-research -- Pt. III. Polishing your essay -- Revising and editing your essay -- Punctuation and mechanics -- Pt. IV. Making the grade -- The psychology of grading and scoring. | |
| 520 | _aYou'll learn down-to-earth strategies for organizing your thoughts, researching the right sources, getting it down on paper, and earning an A. | ||
| 650 | 7 |
_aEnglish language _xRhetoric. _2BUEsh _930923 |
|
| 650 | 7 |
_aEnglish language _xGrammar. _2BUEsh _95501 |
|
| 650 | 7 |
_aAcademic writing. _2BUEsh |
|
| 650 | 7 |
_aReport writing. _2BUEsh _91126 |
|
| 651 | _2BUEsh | ||
| 653 |
_bHHUUEENN _cNovember2015 |
||
| 655 |
_vReading book _934232 |
||
| 942 |
_2ddc _cBB |
||